Generace nula /
Detektivní román z úspěšné série, ve kterém autor skvěle dokázal reflektovat hrozby současného světa, který se může kdykoli ocitnout na prahu sebezničení.
Uloženo v:
| Série: | Fabian Risk,
část 7 |
|---|---|
| Hlavní autor: | |
| Další autoři: | |
| Médium: | Kniha |
| Jazyk: | Czech |
| Vydáno: |
Praha :
Euromedia Group,
2026
|
| Vydání: | Vydání první |
| Témata: | |
| Celkem bylo vypůjčeno: | 0x |
| Příbuzné jednotky: | Z cyklu::
Fabian Risk |
| Tagy: |
Žádné tagy |
| LEADER | 02358nam a2200445 i 4500 | ||
|---|---|---|---|
| 001 | 106199 | ||
| 003 | CZ PrNK | ||
| 005 | 20260428101524.0 | ||
| 007 | ta | ||
| 008 | 260421s2026 xr g 000 f cze | ||
| 015 | |a cnb003752455 | ||
| 020 | |a 9788028411138 |q (vázáno) | ||
| 040 | |a ABG001 |b cze |e rda | ||
| 041 | 1 | |a cze |h swe | |
| 072 | 7 | |a 821.11 |x Germánské literatury |2 Konspekt |9 25 | |
| 080 | |a 821.113.6-31 |2 MRF | ||
| 080 | |a (0:82-312.4) |2 MRF | ||
| 100 | 1 | |a Ahnhem, Stefan, |d 1966- |7 xx0219201 |4 aut |9 107778 | |
| 240 | 1 | 0 | |a Generation noll. |l Česky |
| 245 | 1 | 0 | |a Generace nula / |c Stefan Ahnhem ; přeložila Vendula Nováková |
| 250 | |a Vydání první | ||
| 264 | 1 | |a Praha : |b Euromedia Group, |c 2026 | |
| 300 | |a 478 stran ; |c 24 cm | ||
| 336 | |a text |b txt |2 rdacontent | ||
| 337 | |a bez média |b n |2 rdamedia | ||
| 338 | |a svazek |b nc |2 rdacarrier | ||
| 500 | |a Obálkový podnázev: nový případ Fabiana Riska | ||
| 500 | |a Přeloženo ze švédštiny | ||
| 520 | 2 | |a Detektivní román z úspěšné série, ve kterém autor skvěle dokázal reflektovat hrozby současného světa, který se může kdykoli ocitnout na prahu sebezničení. |b Detektiv Fabian Risk tráví léto na plachetnici u jihošvédských břehů se svou dcerou Matildou. Jedné noci z paluby zpozorují, jak se pevnina náhle ponoří do tmy. Po návratu do Helsingborgu čelí Fabianův tým řadě zdánlivě nevysvětlitelných případů, které následovaly po záhadném výpadku proudu. Svědci se chovají podivně a nic nedává smysl. Pak se Fabianovi ozve jeho dávná přítelkyně, jíž se ztratila dcera. Šlo o únos, nebo s tím má něco společného dceřin otec? Při pátrání po dívce začíná Fabian rozeznávat jistý vzorec. Ale stále mu něco uniká. Nakladatelská anotace. | |
| 655 | 7 | |a švédské romány |7 fd133923 |2 czenas |9 128 | |
| 655 | 7 | |a detektivní romány |7 fd132010 |2 czenas |9 53536 | |
| 655 | 9 | |a Swedish fiction |2 eczenas | |
| 655 | 9 | |a detective novels |2 eczenas | |
| 700 | 1 | |a Nováková, Vendula, |d 1981- |7 xx0174336 |4 trl |9 112979 | |
| 710 | 2 | |a Euromedia Group |7 kn20100114009 |4 pbl |9 117126 | |
| 787 | 0 | 8 | |i Z cyklu: |t Fabian Risk |g 7 |
| 910 | |a UOG502 | ||
| 942 | |2 ddc |c KN | ||
| 999 | |d 106199 | ||
| 993 | |0 0 |1 421180106925 |2 ddc |4 0 |7 0 |9 99542 |b 0 |c 106925 |d 2026-04-28 |e 0 |f DOSP |h 549.00 |i Koupě |l DOSP |r 2026-04-28 |t 6 |w 2026-04-28 |y KN |z KRIMI |n | ||